Les assassins de la mémoire : « Un Eichmann de papier » et autres essais sur le révisionnisme (notice n° 1927097)
[ vue normale ]
| 000 -LEADER | |
|---|---|
| fixed length control field | 01427cam a2200133 4500500 |
| 005 - DATE AND TIME OF LATEST TRANSACTION | |
| control field | 20260329023432.0 |
| 041 ## - LANGUAGE CODE | |
| Language code of text/sound track or separate title | fre |
| 042 ## - AUTHENTICATION CODE | |
| Authentication code | dc |
| 100 10 - MAIN ENTRY--PERSONAL NAME | |
| Personal name | Vidal-Naquet, Pierre |
| Relator term | author |
| 245 00 - TITLE STATEMENT | |
| Title | Les assassins de la mémoire : « Un Eichmann de papier » et autres essais sur le révisionnisme |
| 260 ## - PUBLICATION, DISTRIBUTION, ETC. | |
| Name of publisher, distributor, etc. | La Découverte,<br/> |
| Date of publication, distribution, etc. | 2005.<br/> |
| 520 ## - SUMMARY, ETC. | |
| Summary, etc. | « Face à un Eichmann réel, il fallait lutter par la force des armes et, au besoin, par les armes de la ruse. Face à un Eichmann de papier, il faut répondre par du papier. Nous sommes quelques-uns à l'avoir fait et nous le ferons encore. Ce faisant, nous ne nous plaçons pas sur le terrain où se situe notre ennemi. Nous ne le " discutons pas ", nous démontons les mécanismes de ses mensonges et de ses faux, ce qui peut-être méthodologiquement utile aux jeunes générations. » Ces lignes, qu'écrivait en 1981 l'historien Pierre Vidal-Naquet, gardent toute leur actualité dix ans plus tard : Robert Faurisson et ceux qui nient avec lui la réalité du génocide hitlérien n'ont pas désarmé, et certains médias continuent à réserver un accueil surprenant à leurs thèses délirantes. Comprendre comment une telle aberration a pu voir le jour est donc plus que jamais nécessaire. Tel est le but des essais réunis dans ce livre.» |
| 856 41 - ELECTRONIC LOCATION AND ACCESS | |
| Uniform Resource Identifier | <a href="https://shs.cairn.info/les-assassins-de-la-memoire--9782707145451?lang=fr&redirect-ssocas=7080">https://shs.cairn.info/les-assassins-de-la-memoire--9782707145451?lang=fr&redirect-ssocas=7080</a> |
Pas d'exemplaire disponible.




Réseaux sociaux